000 00474nam a2200181Ia 4500
001 18493
005 20260306171634.0
008 260306s9999||||xx |||||||||||||| ||und||
041 _aESP
082 _a658.406
_bH53
100 _aHilarión Madariaga, Julia Esther
_eAUT
245 0 _aEmprendimiento e innovación:
_bdiseña y plante tu negocio
260 _c2014
300 _ax, 150 páginas :
_c27 cm.
650 _aGEN
654 _aCAN
942 _cLIB
_dJUS
_fJUS
_2ddc
_n
999 _c18493
_d18493